000
00243nam a22001097a 4500
082
_a
909
_b
ETH
100
_a
Etherton PT
_9
50585
245
_a
The pacific
526
_a
0
_b
0
_c
0
_d
909_000000000000000_ETH
650
_a
MCE
_9
379
942
_2
ddc
_c
BK
999
_c
553330
_d
553330